Normal view
MARC view
Entry Personal Name
001 - CONTROL NUMBER
- control field: 8620
003 - CONTROL NUMBER IDENTIFIER
- control field: OSt
005 - DATE AND TIME OF LATEST TRANSACTION
- control field: 20160510130617.0
008 - FIXED-LENGTH DATA ELEMENTS
- fixed length control field: 160510|| aca||aabn | a|a d
040 ## - CATALOGING SOURCE
- Original cataloging agency: OSt
- Transcribing agency: OSt
100 ## - HEADING--PERSONAL NAME
- Personal name: Arnold, Ken,
670 ## - SOURCE DATA FOUND
- Source citation: Work cat.: (OSt)3935: Arnold, Ken,, The Java programming language /, 1997
